MDQL
is popping MORE tags! Check the
thread
!
Quizzes
Events
Quiz Creation
Community
Videos
Private Events
Remove Ads
Sign In
Join for FREE
Feedback
Dark Mode
Quiz Categories
Sports
Geography
Music
Movies
Television
Just For Fun
Miscellaneous
History
Literature
Language
Science
Gaming
Entertainment
Religion
Holiday
For Kids
Quiz Lab
Recent
Popular Today
Quiz Kudos Today
Editor Picks
Curator Picks
Quizzes by...
Day
Popularity
Type
Ratings
Length
Year
Community
Subscriptions
Recent Discussions
Orange Saloon
Badges
Playlists
Quests
Create
Leaderboards
Showdown
Live 5
Trivia Bingo
Activity
Puzzle Library
Sporcle Events
Private Events
Virtual Trivia
Globe League
Become a Host
Pub Owners
SporcleCon
Opinionation
Our Games
Videos
Blog
Mobile Apps
Partnerships
Remove Ads and Go Orange
Feedback
Sports
Athletes
MLB
NBA
NHL
NFL
Soccer
Sports Teams
WWE
NCAA
Football
Premier League
Basketball
Baseball
Hockey
Golf
Tennis
Cricket
Rugby
Auto Racing
Olympics
World Cup
Sports
Athletes
MLB
NBA
NHL
NFL
Soccer
Sports Teams
WWE
NCAA
Football
Premier League
Basketball
Baseball
Hockey
Golf
Tennis
Cricket
Rugby
Auto Racing
Olympics
World Cup
Random Quiz
Search Sporcle
×
Quiz Lab
Quiz Lab
Sports
Baseball
Type in answers that appear in a list
Type in answers that appear in a list
Classic
Best Score? Go Orange.
Brewer catchers since 1996 Stats
Can you name the 27 players who have caught at least one game as a Brewer since 1996?
By
KLSnow
8m
27 Questions
669 Plays
669 Plays
669 Plays
Comments
Comments
Give Quiz Kudos
Give Quiz Kudos
-
- Ratings
hide this ad
Replay
Link that replays current quiz
Next Quiz
Link to next quiz in quiz playlist
You Got
0%
They Got
Avg Score
30%
Avg Friend Score
Upgrade to see
Score Distribution
Jump to the score distribution portion of the page
Score
0/27
Timer
08:00
0
Plays Today
Games
Catcher
% Correct
282
Jason Kendall
92.7%
106
Mike Rivera
73.4%
265
Damian Miller
68.9%
194
Chad Moeller
61.9%
113
Johnny Estrada
60.4%
332
Mike Matheny
51.4%
190
Henry Blanco
50.7%
110
Dave Nilsson
49.2%
76
Paul Bako
37.5%
156
Raul Casanova
29.7%
102
Eddie Perez
26.6%
1
Carlos Corporan
26%
1
Vinny Rottino
21.1%
75
Gary Bennett
19.6%
Games
Catcher
% Correct
193
Jesse Levis
18.4%
78
Keith Osik
17.8%
5
Mark Johnson
17%
23
Tyler Houston
12.3%
15
Robinson Cancel
11.5%
116
Bobby Hughes
11.4%
48
Robert Machado
9.3%
39
Kelly Stinnett
8.7%
20
Jorge Fabregas
8.5%
21
Kevin Brown
8.2%
16
Marcus Jensen
7.8%
45
Brian Banks
6.7%
31
Charlie Greene
6.4%
Quiz Playlist
Details
Report
Send in Message
Add To Playlist
Classic:
Type in answers that appear in a list
Last Updated: Feb 16, 2017
Quiz Scoreboard
CHALLENGE
Sign Up to Join the Scoreboard
Show All
Scores
Hide
Comments
May contain spoilers
Recently Published
Image Sorting: Flags VI
by Barbecue
Geography
2m
Find the 'City' Movie
by crazypaving
Movies
60s
Colored Red Africa Blitz
by spor1
Geography
45s
More to Explore
Quiz From the Vault
Featured Blog Post
14 Easter Pick-up Lines to Find Eggs With
hide this ad
You Might Also Like...
Tags
Baseball Quiz
MLB Quiz
1996
Brewer
Catcher
caught
least
Milwaukee Brewers
Player
Today's Top Quizzes in Sports
Browse Sports
hide this ad
Today's Top Quizzes in Baseball
Browse Baseball
Top Contributed Quizzes in Sports
1
Les meilleurs buteurs des matchs entre le PSG et l’OM
2
Les entraîneurs de l'OM et du PSG au 21e siècle
3
2022 World Cup Stars
4
Les joueurs passés par le PSG et l'OM
5
Players with Multiple 50 Home Run Seasons
6
Criteria MLB: Left Handed Sluggers
7
FIFA Club World Cup Champions
8
Les joueurs passés par le LOSC et le RC Lens
9
NBA Logic Puzzle 2.0
10
Top 10 NHL Goal Scorers of All Time
Explore More
Trending Topics
NBA
Marvel
Disney
Crossword
Anime
Kpop
Harry Potter
Song
Puzzle
Soccer
Pokémon
The Office
NFL
Country
WWE
hide this ad
More By:
KLSnow
Quiz
Plays
Rating
Category
Featured
Created
Pitchers with >$50 million contracts
3,914
4.21
Sports
Jan 30, 2014
Top 50 MLB Free Agent Destinations
2,334
2.54
Sports
Dec 25, 2013
The 350 HR, 1000 R, 1250 RBI, 450 2B Club
1,932
4.42
Sports
Feb 20, 2014
1000 Inning Brewers
1,570
1.50
Sports
Oct 25, 2012
Brewers Seasons With Five 20 HR Players
921
5.00
Sports
Jun 19, 2017
Go to Creator's Profile
Score Distribution
Quiz Creator Spotlight
KLSnow
Follow
Send a Message
Quizzes Created
-
Created Quiz Play Count
-
More By This Creator
Popular Quizzes Today
1
Colored Red Africa Blitz
2
Find the US States - No Outlines Minefield
3
Find the 'City' Movie
4
5x2 Blitz: Bands
5
The Countries of the World
6
Find the US States
7
Find the Countries of Europe - No Outlines Minefield
8
US States
More Sports Quizzes
Every PWI Top Ten (Female) Wrestler of the Year!
Quiz Lab
Trending Quizzes
Colored Red Europe Blitz I
Colored Red Europe Blitz II
Colored Red Africa Blitz II
Colored Red Europe Blitz III
Colored Red Africa Blitz III
Recently Updated
How Do You Spell That?
pecheneg
Godzilla Movies
pecheneg
Grab Bag: 4-10 Letters
pecheneg
2024 March Madness Bracket
pecheneg
Famous TV Couples
Peacemaker
Champions League XIs: Real Madrid
pecheneg
Largest US Cities 1790-2010
pecheneg
Rides in Walt Disney World
pecheneg
Most Oscar Losses (Acting)
pecheneg
Beyoncé Albums
pecheneg
Trending Topics
Harry Potter
Marvel
Anime
Disney
Crossword
Kpop
NBA
Song
The Office
Soccer
Country
Puzzle
NFL
WWE
Pokémon
Your Account Isn't Verified!
In order to create a playlist on Sporcle, you need to verify the email address you used during registration. Go to your
Sporcle Settings
to finish the process.
Report this User
Report this user for behavior that violates our
Community Guidelines
.
Details:
Send Report
Go to the Sporcle.com Mobile Site →
Comments